| 000 | 00553nam a2200157 4500 | ||
|---|---|---|---|
| 082 |
_a621.436 _bDIC _cL-12, P-D-10 |
||
| 100 | 1 |
_aDicksee, Cedric Bernard. _941887 |
|
| 245 | 1 | 4 |
_aThe high-speed compression-ignition engine, _cby C.B. Dicksee. |
| 260 |
_aLondon, _bBlackie & son limited _c[1946, c1940] |
||
| 300 |
_axii, 331 p. _billus., plates, tables, diagrs. _c23 cm. |
||
| 500 | _aFirst published 1940, reprinted 1946 | ||
| 526 |
_a0 _b0 _c0 _d621_436000000000000_DIC |
||
| 650 | 0 | _aInternal combustion engines. | |
| 650 | 0 |
_aMCE _9379 |
|
| 942 |
_2ddc _cBK |
||
| 999 |
_c545905 _d545905 |
||